Statistics for All 500k+ Cities in Asia on a Map

Click here to take the quiz!

General Stats

  • This quiz has been taken 186 times
  • The average score is 160 of 609

Answers on the Map

Answers color-coded by a green-red scale on the quiz's map according to % correct below.
Loading ...
 

Answer Stats

CountryCityPopulation% Correct
ChinaShanghai20,850,000
95%
IndiaMumbai12,442,373
94%
ThailandBangkok5,666,264
94%
TurkeyIstanbul5,239,808
94%
ChinaBeijing18,431,000
94%
JapanTokyo9,555,919
93%
TurkeyAnkara5,036,238
93%
IndiaDelhi11,007,835
93%
United Arab EmiratesDubai2,919,178
93%
United Arab EmiratesAbu Dhabi1,202,756
92%
IndonesiaJakarta9,607,787
92%
IraqBaghdad6,719,500
92%
PhilippinesManila1,780,148
91%
IranTehran8,693,706
91%
South KoreaSeoul10,010,983
91%
Saudi ArabiaRiyadh5,188,286
91%
ChinaHong Kong7,507,400
91%
JapanOsaka2,725,006
90%
AfghanistanKabul4,273,200
88%
MongoliaUlaanbaatar1,373,150
88%
Saudi ArabiaMecca1,534,731
88%
BangladeshDhaka6,970,105
87%
ChinaWuhan7,541,527
87%
IsraelJerusalem919,438
87%
SingaporeSingapore5,703,569
87%
SyriaDamascus1,414,913
87%
YemenSana'a1,707,531
87%
PakistanKarachi14,916,456
87%
PakistanIslamabad1,009,832
87%
VietnamHo Chi Minh City7,021,000
86%
AzerbaijanBaku1,229,100
86%
TaiwanTaipei2,645,041
86%
VietnamHanoi3,471,000
86%
KazakhstanNur-Sultan1,136,008
86%
MalaysiaKuala Lumpur1,588,750
86%
ChinaGuangzhou10,641,408
86%
South KoreaBusan3,459,840
85%
PakistanLahore11,126,285
85%
Saudi ArabiaJeddah3,430,697
84%
North KoreaPyongyang2,581,076
83%
IndiaChennai4,681,087
83%
QatarDoha587,055
83%
GeorgiaTbilisi1,140,700
83%
JapanSapporo1,966,416
83%
TurkeyIzmir2,956,772
83%
IndiaBangalore8,436,675
83%
UzbekistanTashkent2,352,900
83%
ChinaXi'an5,403,052
82%
IndiaKolkata4,486,679
81%
MyanmarYangon4,728,524
81%
Sri LankaColombo561,314
81%
NepalKathmandu1,003,285
80%
PakistanHyderabad1,734,309
80%
IndiaHyderabad6,809,670
80%
ChinaTianjin9,583,277
80%
ChinaChengdu8,901,100
79%
ArmeniaYerevan1,084,000
79%
Saudi ArabiaMedina1,100,093
78%
ChinaUrumqi2,853,398
78%
SyriaAleppo2,132,100
78%
JordanAmman1,812,059
78%
ChinaChongqing7,919,600
77%
JapanNagoya2,320,361
77%
KyrgyzstanBishkek1,039,072
77%
JapanHiroshima1,199,252
76%
JapanKyoto1,468,980
76%
TurkmenistanAshgabat827,500
76%
IndiaAhmedabad5,570,585
76%
BangladeshChittagong2,582,401
76%
KazakhstanAlmaty1,916,782
76%
TajikistanDushanbe846,400
73%
CambodiaPhnom Penh1,242,992
72%
RussiaVladivostok605,049
72%
IndonesiaSurabaya2,765,487
71%
TurkeyAntalya1,240,891
71%
ChinaHarbin4,596,313
71%
ChinaXiamen3,662,000
69%
LaosVientiane620,157
69%
IraqMosul1,361,800
68%
JapanYokohama3,740,172
68%
ChinaShenzhen10,358,381
68%
RussiaNovosibirsk1,618,039
67%
ChinaMacau653,100
66%
IndiaPune3,124,458
66%
RussiaYekaterinburg1,483,119
64%
IndiaLucknow2,317,105
64%
IndonesiaBandung2,394,873
64%
PalestineGaza673,200
64%
ChinaQingdao4,556,077
64%
MyanmarMandalay1,225,546
63%
IndiaAgra1,585,704
63%
IndiaJaipur3,046,163
63%
South KoreaDaegu2,468,222
62%
ChinaNanjing5,827,888
62%
RussiaOmsk1,164,815
62%
PhilippinesCebu City922,611
62%
YemenAden588,938
61%
IndiaSurat4,467,797
61%
TurkeyBursa1,968,867
60%
IranIsfahan1,961,260
60%
South KoreaIncheon3,029,285
59%
ChinaHangzhou5,849,537
59%
PhilippinesQuezon City2,936,116
58%
JapanFukuoka1,579,450
58%
Saudi ArabiaDammam903,312
57%
IndonesiaMedan2,097,610
57%
IranShiraz1,565,572
57%
IndonesiaDenpasar788,589
57%
IranMashhad3,001,184
57%
ChinaFuzhou640,000
56%
ChinaFuzhou3,534,500
56%
South KoreaJeju505,950
56%
ChinaShenyang5,718,232
56%
IraqBasra1,340,800
56%
ChinaDali550,000
55%
RussiaIrkutsk623,479
55%
JapanKobe1,527,407
54%
PhilippinesDavao1,632,991
54%
ChinaDalian3,902,467
53%
ChinaZhengzhou4,459,300
53%
ChinaHefei3,098,727
52%
VietnamDa Nang988,561
52%
IraqErbil879,000
51%
ChinaShantou3,644,017
50%
PakistanRawalpindi2,098,231
50%
ChinaKunming3,890,000
50%
IndiaNagpur2,405,665
49%
ChinaNanning3,370,000
49%
RussiaChelyabinsk1,200,719
48%
TurkeyAdana1,737,268
48%
SyriaHoms652,909
48%
PakistanFaisalabad3,204,726
48%
TurkeyGaziantep1,667,546
46%
IranTabriz1,558,693
46%
TaiwanKaohsiung2,773,198
46%
TurkeyKonya1,300,605
46%
IndiaBhopal1,798,218
46%
UzbekistanSamarkand509,000
46%
JapanSendai1,088,669
43%
IndiaKanpur2,765,348
43%
AfghanistanKandahar506,800
43%
ChinaChangsha745,200
43%
IndonesiaMakassar1,331,391
43%
ChinaChangsha4,015,700
43%
IranQom1,201,158
42%
IndiaPatna1,684,222
42%
ChinaWuxi2,757,736
42%
IndiaVaranasi1,201,815
41%
MalaysiaGeorge Town708,127
40%
RussiaKrasnoyarsk1,095,286
40%
PakistanPeshawar1,970,042
39%
United Arab EmiratesSharjah1,274,749
39%
ChinaChangchun3,411,209
39%
RussiaTomsk575,352
39%
PakistanQuetta1,001,205
39%
ChinaWenzhou1,101,800
39%
ChinaWenzhou2,686,825
39%
IndiaKochi601,574
37%
TaiwanTaichung2,815,261
37%
AfghanistanHerat556,200
37%
ChinaSuzhou742,685
36%
ChinaDongguan7,271,322
36%
ChinaSuzhou4,083,923
36%
TurkeySamsun617,788
35%
ChinaJinan3,641,562
35%
ChinaTaiyuan3,378,731
35%
IndiaIndore1,664,086
34%
IndonesiaPalembang1,440,678
33%
ChinaHuainan1,238,488
33%
IndiaCoimbatore1,050,721
33%
ChinaLanzhou2,690,000
32%
ChinaShijiazhuang3,095,219
32%
ChinaHohhot1,497,110
31%
TaiwanTainan1,880,906
31%
ChinaJilin1,469,722
31%
ChinaHaikou1,777,000
31%
IndiaJodhpur1,033,918
31%
South KoreaGwangju1,480,293
31%
JapanChiba977,247
31%
ChinaNingbo2,583,073
30%
IndiaAmritsar1,132,383
30%
ChinaZibo2,261,717
30%
South KoreaDaejeon1,493,979
30%
JapanKawasaki1,516,483
30%
IraqKirkuk972,300
29%
TaiwanNew Taipei City4,018,696
29%
IndonesiaSemarang1,520,481
29%
TurkeyMersin996,494
28%
ChinaFoshan6,771,895
28%
PakistanMultan1,871,843
28%
IranAhvaz1,184,788
28%
KazakhstanShymkent1,036,144
28%
South KoreaUlsan1,168,469
28%
TurkeyKayseri955,542
26%
JapanSaitama1,295,607
26%
ChinaNanchang520,000
26%
ChinaNanchang3,160,000
26%
JapanOkayama721,329
26%
ChinaGuiyang2,520,061
25%
IndiaMadurai1,017,865
25%
IndiaBhilai625,697
25%
PakistanGujranwala2,027,001
25%
JapanKitakyushu945,595
25%
JapanNiigata800,582
24%
TurkeyDiyarbakir1,035,036
24%
IndiaMysuru920,550
24%
IndiaSrinagar1,180,570
24%
JapanShizuoka695,416
24%
ChinaAnshan1,504,996
24%
ChinaBaotou1,900,373
24%
IndiaPrayagraj1,112,544
24%
IndiaChandigarh1,028,667
24%
TurkeyEskisehir765,669
23%
IndiaRajkot1,286,678
23%
ChinaBaoding1,257,843
22%
VietnamHai Phong841,000
22%
IranKerman537,718
22%
RussiaTyumen788,666
22%
IranBandar Abbas526,648
21%
RussiaKhabarovsk617,473
21%
ChinaGuilin1,330,000
21%
JapanKagoshima597,193
21%
JapanHamamatsu794,025
20%
ChinaQiqihar1,033,174
20%
BangladeshKhulna663,342
20%
ChinaXuzhou2,214,795
20%
IndiaVisakhapatnam2,035,922
20%
North KoreaHamhung703,610
20%
ChinaHuizhou1,807,858
20%
ChinaNantong1,612,385
20%
ChinaCixi1,059,942
20%
ChinaChangzhou2,257,376
20%
IndiaKota743,556
20%
ChinaQuanzhou1,330,100
20%
ChinaYantai1,797,861
20%
IranYazd529,673
19%
ChinaLuoyang1,892,500
19%
JapanKumamoto739,556
19%
ChinaTaizhou1,189,276
19%
ChinaTaizhou676,877
19%
IndiaRaipur1,010,087
18%
IndiaLudhiana1,618,879
18%
IndiaVadodara1,670,806
18%
RussiaBarnaul632,723
18%
ChinaYangzhou1,584,287
17%
TaiwanTaoyuan2,249,037
17%
ChinaZhuhai1,369,538
17%
IranKermanshah946,651
17%
ChinaSanya572,500
17%
ChinaTangshan2,128,191
17%
ChinaWuhu1,108,087
17%
ChinaXining1,153,417
17%
TurkeySanliurfa577,218
17%
ChinaYinchuan1,268,191
17%
IndonesiaSouth Tangerang1,290,322
17%
ChinaKaifeng1,091,000
17%
ChinaLinyi1,522,488
17%
IndiaSalem831,038
17%
IndiaBhubaneswar837,737
17%
TurkeyDenizli623,285
17%
KazakhstanAktobe500,798
17%
IndonesiaPekanbaru882,045
17%
IndiaJammu503,690
17%
ChinaWeifang1,261,582
16%
IndonesiaBatam917,998
16%
PhilippinesZamboanga861,799
16%
IraqNajaf747,300
16%
MalaysiaIpoh657,892
16%
IndiaNashik1,486,053
16%
ChinaLiuzhou1,960,000
16%
ChinaTanghe506,500
16%
IndiaAurangabad1,175,116
16%
ChinaDaqing1,433,698
16%
JordanIrbid502,714
16%
IndiaGuwahati957,352
15%
IndonesiaPadang799,750
15%
ChinaHuai'an1,523,655
15%
ChinaDatong1,625,868
15%
Saudi ArabiaTabuk512,629
15%
IndiaNavi Mumbai1,120,547
15%
IndonesiaTangerang1,798,601
15%
IndonesiaPontianak554,764
15%
South KoreaSuwon1,235,022
15%
ChinaHandan1,173,187
15%
IndonesiaBalikpapan526,508
15%
IndiaAsansol564,491
15%
VietnamCan Tho804,000
14%
IndonesiaBekasi3,334,871
14%
South KoreaAnyang574,464
14%
PhilippinesGeneral Santos594,446
14%
IndonesiaSamarinda685,589
14%
IranKaraj1,592,492
14%
ChinaAnyang1,074,900
14%
IraqSulaymaniyah676,500
14%
TurkeyGebze708,304
13%
IndiaGwalior1,069,276
13%
JapanMatsuyama510,963
13%
IndiaRanchi1,073,427
13%
ChinaZhangzhou721,700
13%
IndonesiaBandar Lampung873,007
13%
ChinaPutian1,347,200
13%
ChinaBaoji871,940
13%
ChinaFushun1,318,808
13%
ChinaXinxiang1,081,700
13%
IndiaThane1,841,488
13%
IndonesiaBanjarmasin612,849
13%
ChinaZhuzhou1,302,800
13%
Saudi ArabiaTaif579,970
13%
IndonesiaMalang820,243
13%
ChinaJinzhou946,098
13%
ChinaZhangjiakou1,098,926
13%
ChinaTai'an1,123,541
13%
ChinaNanchong1,138,400
13%
IndiaMeerut1,305,429
13%
RussiaKemerovo558,662
13%
ChinaChifeng902,285
13%
PakistanSialkot655,852
13%
IndiaVijayawada1,034,358
13%
IndiaBareilly898,167
13%
IranRasht679,995
13%
ChinaWeihai698,863
13%
IraqKarbala711,500
12%
ChinaDandong775,787
12%
ChinaHengyang1,285,100
12%
ChinaXiangyang1,433,057
12%
ChinaJiangmen1,480,023
12%
IndonesiaBogor950,334
12%
ChinaNanyang1,212,500
12%
IndiaTiruchirappalli916,674
12%
ChinaMaoming1,033,196
12%
IndonesiaDepok1,738,570
12%
IndiaFaridabad1,414,050
12%
IndiaGhaziabad1,648,643
12%
ChinaBenxi1,000,128
12%
ChinaQinhuangdao967,877
12%
ChinaLianyungang897,393
12%
IranUrmia736,224
12%
IranZahedan587,730
12%
IndiaJamshedpur631,364
12%
IndiaSiliguri509,709
12%
IndiaCuttack606,007
11%
North KoreaChongjin614,892
11%
PhilippinesBacolod561,875
11%
IndiaBikaner647,804
11%
PhilippinesCagayan de Oro675,950
11%
ChinaLu'an661,217
11%
TurkeyKahramanmaras538,940
11%
ChinaShaoxing1,725,726
11%
ChinaBengbu793,866
11%
ChinaYichang1,049,363
11%
IndiaTiruppur877,778
11%
ChinaRizhao902,272
11%
ChinaQingyuan916,453
11%
ChinaJining939,034
11%
ChinaZhenjiang950,516
11%
ChinaMianyang998,600
11%
ChinaZhenjiang1,038,762
11%
ChinaJiaozuo822,000
11%
ChinaYueyang1,120,400
11%
ChinaLuzhou1,083,300
11%
IndiaDhanbad1,162,472
11%
JapanHimeji531,298
10%
ChinaOrdos City510,242
10%
ChinaYiwu878,903
10%
ChinaHuaibei854,696
10%
IndiaAligarh889,810
10%
IranArak520,944
10%
Saudi ArabiaAl Hofuf660,788
10%
IndiaGurgaon876,824
10%
ChinaBeihai630,000
10%
IndonesiaJambi515,901
10%
IranArdabil529,374
10%
ChinaZhongshan2,740,994
10%
ChinaLeshan781,100
10%
ChinaZunyi995,311
9%
IraqNasiriyah558,400
9%
IndiaAjmer542,580
9%
IndiaKolhapur549,283
9%
IndiaNellore600,869
9%
ChinaYingkou552,403
9%
ChinaJiamusi631,357
9%
ChinaMudanjiang790,623
9%
ChinaXingtai668,765
9%
ChinaChangde1,116,200
9%
ChinaYibin668,000
9%
ChinaJingzhou904,157
9%
ChinaChangshu929,124
9%
JordanZarqa635,160
9%
IndiaJabalpur1,055,525
9%
ChinaMa'anshan657,847
9%
IndiaHubli943,788
9%
ChinaWuhai502,704
9%
IndiaNoida642,381
9%
IndiaMoradabad872,575
9%
IndiaHowrah1,077,075
9%
ChinaXianyang835,648
9%
IndiaJalandhar862,196
9%
IndiaPimpri-Chinchwad1,727,692
9%
IndiaGuntur743,354
9%
ChinaJixi746,889
9%
ChinaHuzhou748,471
9%
ChinaLangfang530,840
9%
JapanSakai831,017
9%
JapanUtsunomiya520,189
9%
PhilippinesMakati582,602
8%
ChinaTengzhou783,473
8%
ChinaFuyang780,522
8%
South KoreaGoyang1,078,859
8%
PhilippinesCaloocan1,583,978
8%
IndiaDehradun578,420
8%
South KoreaChangwon1,059,813
8%
PakistanBahawalpur762,111
8%
ChinaYancheng1,136,826
8%
ChinaPingdingshan996,000
8%
ChinaGanzhou1,390,000
8%
IndiaBhavnagar593,768
8%
ChinaXiangtan969,700
8%
TurkeyAdapazari525,854
8%
IraqAmarah527,500
8%
IndiaSolapur951,558
8%
JapanSagamihara723,012
8%
ChinaZhumadian702,700
8%
IranHamadan554,406
7%
South KoreaCheongju853,714
7%
ChinaYichun640,000
7%
ChinaQinzhou720,000
7%
RussiaNovokuznetsk552,105
7%
ChinaJiangyin1,013,670
7%
IndiaJamnagar529,308
7%
ChinaDongying773,543
7%
VietnamBien Hoa807,000
7%
IndiaAkola537,149
7%
ChinaWuwei510,000
7%
ChinaJinhua710,597
7%
ChinaYichun694,019
7%
ChinaTongliao540,338
7%
ChinaSuqian783,376
7%
MalaysiaPetaling Jaya613,977
7%
ChinaLinfen708,637
7%
ChinaJieyang1,226,848
7%
IndiaKalyan1,247,327
7%
ChinaChaozhou1,256,268
7%
South KoreaAnsan707,385
7%
ChinaBaishan503,287
7%
ChinaJingdezhen530,000
7%
ChinaAnqing570,538
7%
ChinaShangqiu931,300
7%
IndiaGorakhpur671,048
7%
ChinaShiyan724,016
7%
ChinaShaoguan726,267
7%
ChinaLiaoyang735,047
7%
ChinaXuchang841,300
7%
ChinaXinyang892,900
7%
IndiaDurgapur566,937
7%
ChinaTianshui830,000
7%
IndiaGulbarga532,031
6%
ChinaHegang600,941
6%
IndiaRourkela552,734
6%
South KoreaPyeongtaek537,135
6%
ChinaJincheng500,845
6%
IndonesiaCimahi541,177
6%
JapanKawaguchi589,049
6%
ChinaQitaihe503,678
6%
MalaysiaShah Alam541,306
6%
ChinaGuangyuan533,500
6%
ChinaZhucheng586,652
6%
ChinaYuncheng518,002
6%
ChinaZhoushan542,190
6%
ChinaHebi554,600
6%
ChinaSiping509,107
6%
IndiaLoni512,296
6%
ChinaZhaotong510,000
6%
ChinaHeze559,636
6%
ChinaYuzhou567,900
6%
South KoreaPohang513,104
6%
IndonesiaTasikmalaya578,046
6%
South KoreaGimhae561,468
6%
IndiaUlhasnagar506,937
6%
JapanHachioji577,254
6%
IndiaJhansi507,293
6%
ChinaZhucheng513,418
6%
IndiaNanded550,564
6%
IndiaUjjain515,215
6%
PhilippinesMuntinlupa504,509
6%
ChinaXiaogan582,403
6%
PhilippinesPasig755,300
6%
IndiaJalgaon798,514
6%
IndiaAmravati646,801
6%
JapanFunabashi635,947
6%
ChinaPingxiang860,000
6%
IndiaBhiwandi711,329
6%
South KoreaSeongnam960,342
6%
ChinaHuludao646,482
6%
ChinaQujing840,000
6%
ChinaZigong946,400
6%
ChinaCangnan648,219
6%
South KoreaYongin1,078,591
6%
BangladeshNarayanganj709,381
6%
ChinaRui'an927,383
6%
South KoreaBucheon855,685
6%
ChinaNeijiang700,700
6%
ChinaChenzhou654,100
6%
ChinaPanzhihua655,500
6%
PakistanSargodha659,862
6%
ChinaZaozhuang980,893
6%
IndiaWarangal830,281
6%
ChinaPanjin857,993
6%
ChinaZhaoqing784,642
6%
South KoreaCheonan672,556
6%
IndiaFirozabad603,797
6%
PhilippinesTaguig804,915
6%
ChinaPuyang604,100
6%
ChinaLiaocheng606,366
6%
ChinaJinjiang1,414,400
6%
IndiaVasai-Virar1,222,390
6%
IndiaMira-Bhayandar814,655
6%
ChinaYulin730,000
6%
ChinaEzhou607,739
6%
ChinaJiaxing762,643
6%
ChinaZhangjiagang762,625
6%
ChinaShaoyang612,900
6%
ChinaFuxin750,283
6%
ChinaKunshan1,118,617
6%
ChinaXintai672,207
6%
ChinaSuining747,600
6%
South KoreaJeonju663,098
6%
ChinaHaicheng687,223
5%
ChinaYiyang836,700
5%
ChinaHuangshi691,963
5%
ChinaYangjiang692,540
5%
South KoreaHwaseong855,949
5%
ChinaWenling749,013
5%
ChinaDezhou526,232
5%
ChinaFuqing681,600
5%
South KoreaNamyangju709,307
5%
South KoreaSiheung508,379
5%
ChinaYanji505,516
5%
PhilippinesBacoor600,609
5%
ChinaBazhong607,700
5%
PhilippinesLas Piñas588,894
5%
ChinaMeizhou612,551
5%
ChinaHuaihua579,700
5%
PhilippinesValenzuela620,422
5%
KuwaitAl Ahmadi637,411
5%
ChinaLiupanshui621,488
5%
ChinaPuning874,954
5%
PhilippinesDasmariñas659,019
5%
ChinaGuigang880,000
5%
ChinaDeyang520,700
5%
ChinaYangquan670,888
5%
ChinaLaiwu668,805
5%
IndiaSaharanpur703,345
4%
ChinaXinyu670,000
4%
ChinaJinzhong526,058
4%
ChinaXinzheng594,600
4%
ChinaLuohe789,800
4%
PhilippinesAntipolo776,386
4%
ChinaTianmen612,515
4%
ChinaChangzhi870,429
4%
MalaysiaSeremban515,490
4%
ChinaJiujiang920,000
4%
ChinaLufeng579,527
4%
ChinaDengzhou567,400
4%
ChinaYongcheng601,900
4%
MalaysiaSeberang Perai818,197
3%
ChinaBeiliu870,000
3%
ChinaLinhai503,377
3%
ChinaLiuyang892,900
3%
IndiaSingli-Miraj & Kupwad502,697
3%
ChinaHui'an601,400
3%
ChinaDanyang500,572
3%
ChinaZhongmu623,500
3%
PhilippinesParañaque665,822
3%
PhilippinesSan Jose del Monte574,089
3%
ChinaYuyao672,909
3%
ChinaXinghua575,288
3%
ChinaPizhou631,572
3%
ChinaLongyan542,400
3%
ChinaYongzhou706,800
3%
ChinaYueqing725,972
3%
ChinaDanzhou536,000
3%
ChinaShuyang730,810
3%
ChinaLiling615,300
3%
MalaysiaIskandar Puteri529,074
3%
ChinaChangshou564,900
3%
ChinaPingnan650,000
2%
ChinaHechuan968,600
2%
ChinaRugao614,909
2%
ChinaZhuji606,683
2%
ChinaJiangjin949,100
2%
ChinaLeiyang572,000
2%
ChinaLonghai571,900
2%
QatarAl Rayyan589,531
2%
ChinaNingxiang798,500
2%
ChinaKaizhou566,600
2%
ChinaNan'an901,800
2%
ChinaTaixing553,079
2%
ChinaYongchuan796,700
2%
ChinaXiantao553,029
2%
ChinaShishi553,000
2%
ChinaGuiping680,000
2%
ChinaGuangfeng510,000
2%
ChinaQijiang687,700
2%
ChinaYixing710,497
2%
ChinaXuanwei760,000
2%
ChinaTongling526,261
2%
ChinaFuling802,600
2%
ChinaFengcheng526,000
2%
ChinaShaodong509,100
2%

Score Distribution

Percentile by Number Answered

Percent of People with Each Score

Your Score History

You have not taken this quiz